01522nam a2200265 450000100030000000300040000300500170000700800410002402000150006504000080008004100130008808200150010110000310011624000300014724500800017726000440025730000110030152008180031265000240113065000220115465000260117665000160120265500100121870000280122897OSt20250124092244.0250124b |||||||g |||| 00| j eng d a8535900098 bpor hitaapor a853bC168c1 aCalvino, Italo,d1923-1985 aLa strada di San Giovanni aO caminho de San Giovanni /cCalvino, Italo ; Tradução de Roberta Barni aSão PaulobCompanhia das Letrasc2000 a119 p. aOs cinco textos reunidos neste livro fazem parte da série de "exercícios de memória" em que Italo Calvino trabalhava quando morreu. Escritos entre 1962 e 1977, são heterogêneos na forma e na intenção: podem ser descritivos, poéticos, reflexivos, críticos, constituindo narrativas de caráter fortemente espacial e visual. Longe da autocomplacência comum nos relatos autobiográficos, e mais do que narrar eventos e revelar fatos da história pessoal, são quase ensaios sobre o imaginário da infância e da adolescência do autor, ou sobre temas banais como o lixo doméstico. Mas em Italo Calvino nada é prosaico. Nada é trivial para esse escritor que inventou, a partir das imagens da infância em San Remo, um "lugar geométrico do eu" e, desse lugar, pôs-se a ver o mundo. 0aLiteratura italiana 0aHistorias curtas  0aExperiência de vida 0aClássicos 0aConto aRoberta BarnieTradutor